000 01125nam a22002177a 4500
003 BPGM
008 260617s mx dj|||r|||| 001 ||SPA||
040 _bspa
041 _aSPA
_hSPA
082 0 4 _2PRIMERA EDICIÓN
_a150 / R87
_bR87
100 _aRUSEK, EWA
245 _aBUENOS CONSEJOS
260 _aQUERÉTARO, MÉXICO
_bUNIVERSIDAD AUTÓNOMA DE QUERÉTARO
_cABRIL 2002
300 _a173 PÁGINAS;
_c21 CM X 13.8 CM
336 _2rdacontent
_atexto
_btxt
337 _2rdamedia
_asin mediación
_bn
338 _2rdacarrier
_avolumen
_bnc
505 _aEL PRESENTE LIBRO PUEDE VERSE COMO UN CONJUNTO DE PROCESOS PRÁCTICOS PARA LOS ESTUDIANTES RESPECTO A CÓMO LEVAR A CABO INVESTIGACIÓN EN EL CAMPO DEL COMPROTAMIENTO HUMANO. EL LIBRO SIGUE EL ORDEN LÓGICO DE CUALQUIER INVESTIGACIÓN, EMPEZANDO CON LA ELECCIÓN DEL TEMA Y TERMINANDO CON LA REDACCIÓN DEL INFORME. SE HACE INCAPIÉ EN ALGUNOS TEMAS, COMO SON EL DISEÑO DEL PROCEDIMIENTO DE INVESTIGACIÓN Y EL ANÁLISIS DE LOS DATOS, MIENTRAS QUE OTROS ASUNTOS ESTÁN TRATADOS DE MANERA MÁS ESCUETA.
650 _aPSICOLOGÍA
_v150
_x100
_y50
_z0
942 _2ddc
_cCOLQ
999 _c68615
_d68615